Манас (Запись № 14677)
[ простой вид ]
| 000 -МАРКЕР | |
|---|---|
| контрольное поле | 01606nam0a22003251 4500 |
| 001 - ИДЕНТИФИКАТОР ЗАПИСИ | |
| контрольное поле | rc\2772299 |
| 005 - ИДЕНТИФИКАТОР ВЕРСИИ | |
| контрольное поле | 20250806210725.0 |
| 035 ## - ДРУГИЕ СИСТЕМНЫЕ НОМЕРА | |
| Идентификатор записи | (NLR Aleph) 006898656 |
| 100 ## - ДАННЫЕ ОБЩЕЙ ОБРАБОТКИ | |
| Данные общей обработки | 20110915d1941 u y0rusy50 ca |
| 101 0# - ЯЗЫК РЕСУРСА | |
| Язык текста, звукозаписи и т.д. | русский |
| 102 ## - СТРАНА ПУБЛИКАЦИИ ИЛИ ПРОИЗВОДСТВА | |
| Страна публикации | российская федерация |
| 105 ## - ПОЛЕ КОДИРОВАННЫХ ДАННЫХ: ТЕКСТОВЫЕ МАТЕРИАЛЫ, МОНОГРАФИЧЕСКИЕ | |
| Кодированные данные о монографическом текстовом документе | a z ||||| |
| 200 1# - ЗАГЛАВИЕ И СВЕДЕНИЯ ОБ ОТВЕТСТВЕННОСТИ | |
| Основное заглавие | Манас |
| Сведения, относящиеся к заглавию | Кирг. нар. эпос |
| -- | Главы из "Великого похода" |
| -- | (По варианту Сагымбая Орозбакова) |
| Первые сведения об ответственности | Пер. Семена Липкина, Марка Тарловского |
| Последующие сведения об ответственности | Ред. и вступ. статья ["Кирг. эпос "Манас"] Е. Мозолькова и У. Джакишева |
| -- | [Ил. Г. Петрова и И. Костылева] |
| 210 ## - ПУБЛИКАЦИЯ, РАСПРОСТРАНЕНИЕ И ДР. | |
| Место издания, распространения и т.д. | Москва |
| Имя издателя, распространителя и т. д. | Гослитиздат |
| Дата издания, распространения и т.д. | 1941 |
| 215 ## - ФИЗИЧЕСКАЯ ХАРАКТЕРИСТИКА | |
| Специфическое обозначение материала и объем | 160 с., 1 вкл. л. ил. |
| Другие сведения о физической характеристике | ил. |
| Размеры | 21 см. |
| 702 #1 - ИМЯ ЛИЦА - ВТОРИЧНАЯ ОТВЕТСТВЕННОСТЬ | |
| Начальный элемент ввода | Джакишев |
| Часть имени, кроме начального элемента ввода | У. |
| Код отношения | Редактор |
| -- | Автор введения, предисловия, примечания и т.п. |
| 702 #1 - ИМЯ ЛИЦА - ВТОРИЧНАЯ ОТВЕТСТВЕННОСТЬ | |
| Начальный элемент ввода | Петров |
| Часть имени, кроме начального элемента ввода | Г.А. |
| Расширение инициалов личного имени | Григорий Александрович |
| Код отношения | Иллюстратор |
| 702 #1 - ИМЯ ЛИЦА - ВТОРИЧНАЯ ОТВЕТСТВЕННОСТЬ | |
| Начальный элемент ввода | Костылев |
| Часть имени, кроме начального элемента ввода | И.А. |
| Расширение инициалов личного имени | Иван Александрович |
| Код отношения | Иллюстратор |
| 702 #1 - ИМЯ ЛИЦА - ВТОРИЧНАЯ ОТВЕТСТВЕННОСТЬ | |
| Начальный элемент ввода | Орозбаков |
| Часть имени, кроме начального элемента ввода | С. |
| Расширение инициалов личного имени | Сагымбай |
| Код отношения | Прочие |
| 702 #1 - ИМЯ ЛИЦА - ВТОРИЧНАЯ ОТВЕТСТВЕННОСТЬ | |
| Начальный элемент ввода | Липкин |
| Часть имени, кроме начального элемента ввода | С.И. |
| Расширение инициалов личного имени | Семен Израилевич |
| Код отношения | Переводчик |
| 702 #1 - ИМЯ ЛИЦА - ВТОРИЧНАЯ ОТВЕТСТВЕННОСТЬ | |
| Начальный элемент ввода | Мозольков |
| Часть имени, кроме начального элемента ввода | Е. С. |
| Даты | 1909-1969 |
| Расширение инициалов личного имени | Евгений Семёнович |
| Идентификатор авторитетной/нормативной записи | RU\NLR\AUTH\770278784 |
| Код отношения | Редактор |
| -- | Автор введения, предисловия, примечания и т.п. |
| 702 #1 - ИМЯ ЛИЦА - ВТОРИЧНАЯ ОТВЕТСТВЕННОСТЬ | |
| Начальный элемент ввода | Тарловский |
| Часть имени, кроме начального элемента ввода | М.А. |
| Расширение инициалов личного имени | Марк Аркадьевич |
| Код отношения | Переводчик |
| 801 #0 - ИСТОЧНИК ЗАПИСИ | |
| Страна | российская федерация |
| Организация | NLR |
| Правила каталогизации | psbo |
| 801 #1 - ИСТОЧНИК ЗАПИСИ | |
| Страна | российская федерация |
| Организация | ELAR |
| Источник данных | rusmarc |
| 852 ## - МЕСТОНАХОЖДЕНИЕ И ШИФР ХРАНЕНИЯ | |
| Идентификатор организации | NLR |
| Шифр хранения (Call Number) | Л20 Г-3/7 |
| 942 ## - ДОПОЛНИТЕЛЬНЫЕ ЭЛЕМЕНТЫ ЗАПИСИ (АБИС) | |
| Тип экземпляра АБИС | Книга |
| 945 ## - Информацию об издании предоставили: | |
| Полное название организации, предоставившей материал | Российская национальная библиотека |
| 980 ## - КОЛЛЕКЦИЯ | |
| Название коллекции | Национальная библиография |
| 980 ## - КОЛЛЕКЦИЯ | |
| Название коллекции | Библиография Победы |
Нет доступных экземпляров.





